Enabling development. (Record no. 60479)

MARC details
000 -LEADER
fixed length control field 00880cam a2200193 4500
001 - CONTROL NUMBER
control field ABS60829
008 - FIXED-LENGTH DATA ELEMENTS--GENERAL INFORMATION
fixed length control field 000000n1999 000 0 eng u
035 ## - SYSTEM CONTROL NUMBER
System control number (Sirsi) u101331
100 ## - MAIN ENTRY--PERSONAL NAME
Personal name Mynors, C.
245 ## - TITLE STATEMENT
Title Enabling development.
260 ## - PUBLICATION, DISTRIBUTION, ETC.
Date of publication, distribution, etc. 1999
490 ## - SERIES STATEMENT
Series statement Context
Volume/sequential designation (62) June 1999, 22-23(2)
520 ## - SUMMARY, ETC.
Summary, etc. Reviews a recent Court of Appeal decision relating to enabling development in the grounds of a listed building: Downe Hall in Dorset. In the decision on "R v West Dorset District Council, ex parte Searle", the Court of Appeal ruled that the Council had made the right decision in approving the application which would safeguard the future of the hall, even though the development would harm the historic garden.
650 ## - SUBJECT ADDED ENTRY--TOPICAL TERM
Topical term or geographic name entry element HISTORIC BUILDINGS
650 ## - SUBJECT ADDED ENTRY--TOPICAL TERM
Topical term or geographic name entry element HOUSING DEVELOPMENTS
650 ## - SUBJECT ADDED ENTRY--TOPICAL TERM
Topical term or geographic name entry element DORSET
690 ## - LOCAL SUBJECT ADDED ENTRY--TOPICAL TERM (OCLC, RLIN)
Topical term or geographic name as entry element PLANNING LAW AND PRACTICE
942 ## - ADDED ENTRY ELEMENTS (KOHA)
Suppress in OPAC 0
Holdings
Withdrawn status Lost status Source of classification or shelving scheme Damaged status Not for loan Home library Current library Shelving location Date acquired Total Checkouts Full call number Barcode Date last seen Copy number Price effective from Koha item type
    Dewey Decimal Classification     London London Journal article 03/11/1999   ABS60829 101331-1001 06/08/2019 1 06/08/2019 Journal article